000 00923 a2200325 4500
999 _c48665
_d48665
001 48665
003 ES-MaCES
005 20161219122457.0
008 161216s uk ||||| |||||||||||eng|d
020 _a9780241180990
040 _aES-MaCES
_bspa
_cES-MaCES
100 1 _aPopper, Nathaniel
_937628
245 1 0 _aDigital gold
_b: the untold story of bitcoin
_cNathaniel Popper
250 _a1st ed
260 _a[London]
_bPenguin Books
_c2016
300 _aXV, 412 p.
_c20 cm
500 _aÍndices
541 _cCompra
650 4 _928095
_amoneda
650 4 _930572
_aInternet
650 4 _930571
_ared electrónica
650 4 _927082
_aconsecuencias económicas
650 4 _928150
_amercado financiero
650 4 _928165
_areforma monetaria internacional
650 4 _927313
_amovimiento social
650 4 _927251
_ahistoria
653 1 0 _aMoneda
902 _aLIB Libro
942 _2CES
_cBK
_h0.0.